000 00398 a2200121 4500
001 ART_62321
005 20260410161813.0
008 260409a
245 1 0 _aEl banco de la nación Argentina como sociedad anónima
100 1 _aBarreira Delfino, Eduardo A.
700 1 _aCamerini, Marcelo A.
773 0 _tDoctrina Societaria y Concursal
_g- Nº 441 (feb./mar. 2025)
_wREV4298
999 _c21651
_d21651